000 01212nam a22003377a 4500
003 CHAP
005 20220329141226.0
008 971010s1987 r 00010 d
010 _a64703
011 _a65675
035 _a72938
040 _cCHAP
082 _a632.954
_bM2
100 0 0 _aMcWhorter, Chester G.
_973763
245 _aMethods of applying herbicides
260 _aChampaing, Ill. :
_bWeed Science Society of America,
_c1987
300 _a358 p.
_b: ilus. ; gráfs.
490 _aManograph series of the Weed Science Society of America
_v; 4
590 _aBATCH-UPD
_b10
_c20130110
_lUCH01
_h0601
590 _aBATCH-UPD
_b10
_c20130110
_lUCH01
_h2354
590 _aBATCH-UPD
_b10
_c20130410
_lUCH01
_h0243
590 _aBATCH-UPD
_b10
_c20130914
_lUCH01
_h1534
590 _aCONVERSION
_b10
_c20130109
_lUCH01
_h1335
650 1 4 _aHerbicidas
_xAplicación.
_953692
700 0 _aGebhardt, Maurice R.
_947380
830 0 _aManograph series of the Weed Science Society of America
_v; 4
_970529
901 _aBK
942 _cLIBRO
949 _a632.954 M2
_bBC
_cLIBRO
_d33724000187712
_eLIBRO
_gI. 169915
_h85488
_i72938
_si
_t110.00
949 _a632.954 M32
_bPA
_cLIBRO
_d-44435
_eLIBRO
_h1655
_i72938
_si
_t110.00
999 _c64703
_d64703